Rainiest Global Cities - Statistics

General Stats
  • This quiz has been taken 134 times
  • The average score is 10 of 22
Answer Stats
Precipitation in cm (in.) Answer % Correct
175 (69) Jakarta
88%
234 (92) Singapore
83%
249 (98) Kuala Lumpur
82%
206 (81) Manila
76%
168 (66) Hanoi
73%
193 (76) Ho Chi Minh City
71%
241 (95) Hong Kong
70%
241 (95) Mumbai
69%
185 (73) Dhaka
65%
257 (101) Taipei
64%
173 (68) Guangzhou
60%
193 (76) Shenzhen
50%
170 (67) Lagos
45%
234 (92) Colombo
36%
173 (68) Panama City
31%
198 (78) San José
25%
241 (95) Penang
16%
361 (142) Douala
13%
178 (70) San Salvador
10%
196 (77) Kaohsiung
9%
168 (66) San Juan
8%
178 (70) Taichung
5%
No matching quizzes found
Score Distribution
Percent of People with Each Score
Percentile by Number Answered
Your Score History
You have not taken this quiz